01529cam a22003015a 45000010009000000050017000090080041000260200025000670200022000920400058001140820020001722450158001922600078003503000034004284900033004625000024004955040041005196500081005606500034006416530042006757000035007177000046007529420020007989990017008189520156008359520118009919520118011091493778020201128021133.0070723t2007 maua frb 001 0 eng d a9780750682893 (hbk.) a0750682892 (hbk.) aUKMcUKMdBAKERdBTCTAdYDXCPdPUdDLCdEG-ScBUEbeng04a338.83222bINT00aInternational mergers and acquisitions activity since 1990 :brecent research and quantitative analysis /cedited by Greg N. Gregoriou and Luc Renneboog. aBurlington ;aCalifornia ;aLondon :bAcademic Press / Elsevier,cc.2007. axvi, 304 p. :bill. ;c24 cm.0 aQuantitative finance series. aIndex : p. 295-304. aIncludes bibliographical references. 7aConsolidation and merger of corporationsxLaw and legislation.9366992BUEsh 7aBusiness cycles.931342BUEsh bBUSADMbBUSECOcNovember2014cMay20161 aRenneboog, Luc936700eeditor.1 aGregoriou, Greg N.,95183d1956-eeditor. 2ddck338.83 INT c18682d18654 00102ddc40708BaccahaMAINbMAINc1STd2014-11-30epurchaseg546.00h20677l2m7o338.83 INTp000037064r2025-07-15 00:00:00s2016-05-04v682.50yBB 00102ddc40708BaccahaMAINbMAINc1STd2016-05-04ePurchasel0o338.83 INTp000032437r2025-07-15 00:00:00yBB 00102ddc40708BaccahaMAINbMAINc1STd2016-05-04ePurchasel0o338.83 INTp000032438r2025-07-15 00:00:00yBB